Drug store news

Detalles Bibliográficos
Título anterior:Chain store age
Formato: Electrónico Revista
Lenguaje:inglés
Publicado: [New York] : Lebhar-Friedman
Materias:
Acceso en línea:Full text available from Research Library: 10/19/1998 to 7 days ago

MARC

LEADER 00000nas a2200000 a 4500
001 ssj0006075
003 WaSeSS
005 20200512172242.0
006 m d
007 cr n
008 790129c19799999nyuen pes 0 a0eng c
010 |a  79642712  
016 7 |a 015446255  |2 DE-101 
016 7 |a 1011520-1  |2 DE-600 
016 7 |a 9875113  |2 DNLM 
016 7 |a D21110000  |z D21115000  |2 DNLM 
016 7 |a 007842796  |2 Uk 
022 |l 0191-7587  |y 0191-7587 
032 |a 448290  |b USPS 
035 |a (WaSeSS)ssj0006075 
037 |b Lebhar-Friedman, 425 Park Ave., New York, N.Y. 10022 
040 |a NAM  |b eng  |c NAM  |d DLC  |d NSD  |d DLC  |d NSD  |d AIP  |d NSD  |d DLC  |d OCL  |d NST  |d OCL  |d NST  |d NLM  |d OCLCQ  |d GUA  |d DLC  |d OCLCQ  |d GBVCP  |d DLC  |d OCLCQ  |d OCLCF  |d OCLCO  |d OCLCA  |d UKMGB  |d OCLCQ  |d RDF  |d NJR  |d WaSeSS 
042 |a pcc  |a nsdp 
043 |a n-us--- 
050 0 0 |a HD9666.1  |b .D74 
082 0 4 |a 381/.45/61510973 
210 0 |a Drug store news 
222 0 |a Drug store news 
245 0 0 |a Drug store news  |h [electronic resource]. 
246 1 |i Issues for 2011- have title:  |a DSN 
260 |a [New York] :  |b Lebhar-Friedman 
310 |a Semimonthly (except monthly in Jan., Mar., Apr., June, July, Sept., Nov. and Dec.),  |b <2011- 
321 |a Biweekly,  |b Jan. 8, 1979- 
321 |a Biweekly (except monthly in Dec. and annual special issues),  |b <June 29, 1981-> 
362 1 |a Began with issue for Jan. 8, 1979. 
506 |a License restrictions may limit access. 
525 |a Separately-titled supplements published some years. 
588 |a Description based on: Vol. 2, no. 1 (Jan. 7, 1980); title from caption. 
588 |a Latest issue consulted: Vol. 33, no. 1 (Jan. 10, 2011). 
650 0 |a Drugstores  |z United States  |v Periodicals. 
650 0 |a Pharmaceutical industry  |z United States  |v Periodicals. 
650 7 |a Drugstores.  |2 fast  |0 (OCoLC)fst00899005 
650 7 |a Pharmaceutical industry.  |2 fast  |0 (OCoLC)fst01060129 
651 7 |a United States.  |2 fast  |0 (OCoLC)fst01204155 
655 0 |a Electronic journals. 
770 0 |t Executive report ..., Drug store news  |w (DLC) 86649424  |w (OCoLC)13585607 
780 0 5 |t Chain store age  |c Drug ed.  |g Jan. 8, 1979  |w (OCoLC)4611644 
850 |a CaOTU  |a CoU  |a CtY-SSE  |a DLC  |a IU-M  |a IaU  |a NIC  |a NN  |a NNC  |a NSyU  |a NjR  |a OC 
856 4 0 |z Full text available from Research Library: 10/19/1998 to 7 days ago  |u https://search.proquest.com/publication/47707